| 000 | 00477nam a2200193Ia 4500 | ||
|---|---|---|---|
| 005 | 20240823062226.0 | ||
| 008 | 240823s9999||||xx |||||||||||||| ||und|| | ||
| 020 | _a978-93-87281-54-7 | ||
| 041 | _aENGLISH | ||
| 082 | _A303.31 Q8 | ||
| 100 | _aJebamalai Vinanchiarachi | ||
| 245 | 4 | _aThe Poverty of Economic Thinking | |
| 250 | _a2nd | ||
| 260 |
_c2018 _bExperience Found |
||
| 500 | _aYES | ||
| 650 |
_aEconomics _bManagement Studies |
||
| 942 | _cBK | ||
| 999 |
_c235379 _d235379 |
||